Význam účelového rybného hospodárstva na vodárenských nádržiach Nová Bystrica a Turček

Povodie horného Váhu, OZ Ružomberok, má v správe dve vodárenské nádrže – VN Nová Bystrica a VN Turček. Okrem zabezpečenia ich hlavnej úlohy, a to dodávky pitnej vody pre regióny Kysúc, Žiliny, Turca, Kremnice, Žiaru nad Hronom, Handlovej a Prievidze, vedľajších úloh ako ochrana pred povodňami, výrob...

Descrizione completa

Salvato in:
Dettagli Bibliografici
Autore principale: Janura, Miroslav
Altri autori: Jariabka, Martin
Natura: Capitolo di libro
Lingua:slovacco
Soggetti:
Tags: Aggiungi Tag
Nessun Tag, puoi essere il primo ad aggiungerne!!

MARC

LEADER 00000naa a2200000 4500
001 0312199
005 20250912092523.5
041 0 |a slo 
044 |a SK 
245 1 0 |a Význam účelového rybného hospodárstva na vodárenských nádržiach Nová Bystrica a Turček  |c Miroslav Janura, Martin Jariabka 
520 |a Povodie horného Váhu, OZ Ružomberok, má v správe dve vodárenské nádrže – VN Nová Bystrica a VN Turček. Okrem zabezpečenia ich hlavnej úlohy, a to dodávky pitnej vody pre regióny Kysúc, Žiliny, Turca, Kremnice, Žiaru nad Hronom, Handlovej a Prievidze, vedľajších úloh ako ochrana pred povodňami, výroba elektrickej energie a podobne, musí závod na týchto nádržiach zabezpečiť aj takzvané účelové rybné hospodárstvo. 
610 2 0 |a voda 
610 2 0 |a vodárenstvo 
610 2 0 |a vodohospodárstvo 
610 2 0 |a priehrady 
610 2 0 |a nádrže vodné 
610 2 0 |a rybolov 
100 1 |a Janura, Miroslav 
700 1 |a Jariabka, Martin